Biggest villages and towns of Channel Islands - Statistics

General Stats
  • This quiz has been taken 5 times
  • The average score is 12 of 23
Answer Stats
Island Population Town % Correct
Jersey 35.822 Saint Helier
100%
Jersey 5264 Saint Peter
100%
Guernsey 19.676 Saint Peter Port
80%
Alderney 2167 Saint Anne
60%
Jersey 3051 Saint John
60%
Guernsey 6648 Saint Martin
60%
Jersey 3948 Saint Martin
60%
Jersey 1818 Saint Mary
60%
Guernsey 2001 Saint Pierre du Bois
60%
Guernsey 2829 Saint Saviour
60%
Jersey 13.904 Saint Saviour
60%
Guernsey 9646 Vale
60%
Jersey 5401 Grouville
40%
Guernsey 2328 Saint Andrew
40%
Jersey 11.012 Saint Brelade
40%
Jersey 5561 Saint Lawrence
40%
Jersey 4206 Saint Ouen
40%
Guernsey 9118 Saint Sampson
40%
Jersey 3355 Trinity
40%
Guernsey 8711 Castel
20%
Guernsey 1624 Forest
20%
Jersey 9925 Saint Clement
20%
Guernsey 1026 Torteval
20%
No matching quizzes found
Score Distribution
Percent of People with Each Score
Percentile by Number Answered
Your Score History
You have not taken this quiz